000 00569nam a2200217Ia 4500
003 OSt
005 20220926042643.0
006 a|||||r|||| 00| 0
007 ta
008 220923b |||||||| |||| 00| 0 eng d
037 _cGeneral Book
040 _aRTL
_cRTL
_beng
041 _2eng
_aeng
082 _aS0bX:8, K2
100 _aGagne Robert M Ed.
_984919
245 0 _aPsychological principles in system development
260 _c1962
650 _aPsychology
942 _hS0bX:8, K2
_cGB
_2CC
999 _c670303
_d670303